| 000 | 00744cam a22002417a 4500 | ||
|---|---|---|---|
| 005 | 20220329141132.0 | ||
| 008 | 971010s1976 r 00010 d | ||
| 010 | _a63157 | ||
| 011 | _a64129 | ||
| 035 | _a69322 | ||
| 082 |
_a624.152 _bN5 1976 |
||
| 100 | 0 | 0 |
_aNichols, Herbert L. _981153 |
| 245 | 0 |
_aMovíng the earth _b: the wornbook of excavation |
|
| 250 | _a3 ed. | ||
| 260 |
_aGreenwich : _bNorth Castle, _c1976 |
||
| 300 |
_a[1562] p. _b; _e+ apéndice |
||
| 590 |
_aBATCH-UPD _b10 _c20130110 _lUCH01 _h0243 |
||
| 590 |
_aBATCH-UPD _b10 _c20130110 _lUCH01 _h2238 |
||
| 590 |
_aCONVERSION _b10 _c20130109 _lUCH01 _h1334 |
||
| 650 | 1 | 4 |
_aExcavadoras. _939026 |
| 901 | _aBK | ||
| 949 |
_a624.152 N5 1976 _bMA _cLIBRO _d-1513 _eLIBRO _h1493 _i69322 _si |
||
| 999 |
_c63157 _d63157 |
||